Statystyki dla Autorzy klasyki polskiej literatury.

Kliknij tutaj aby rozwiązać quiz!

Ogólne statystyki

  • Ten quiz został rozwiązany 20 razy
  • Średni wynik to 14 z 35

Statystyki odpowiedzi

TytułAutor% Poprawnych
KrzyżacySienkiewicz
100%
LalkaPrus
95%
Sklepy cynamonoweSchulz
85%
Kamienie na szaniecKamiński
75%
GranicaNałkowska
70%
Nad NiemnemOrzeszkowa
70%
SolarisLem
65%
Szatan z siódmej klasyMakuszyński
50%
Ziemia obiecanaReymont
50%
Zdążyć przed Panem BogiemKrall
45%
TransatlantykGombrowicz
40%
Dolina IssyMiłosz
40%
KrólTwardoch
40%
Kolumbowie. Rocznik 20Bratny
35%
ZnachorDołęga-Mostowicz
35%
Ziele na kraterzeWańkowicz
35%
PopiołyŻeromski
35%
Popiół i diamentAndrzejewski
30%
Stara baśńKraszewski
30%
Traktat o łuskaniu fasoliMyśliwski
30%
Pamiętnik znaleziony w SaragossiePotocki
30%
DewajtisRodziewiczówna
30%
Dom dzienny, dom nocnyTokarczuk
30%
ZłyTyrmand
30%
Pięć lat kacetuGrzesiuk
25%
Sława i chwałaIwaszkiewicz
25%
Mikołaja Doświadczyńskiego przypadkiKrasicki
25%
TrędowataMniszkówna
25%
KonopielkaRedliński
25%
ZmoryZegadłowicz
25%
NienasycenieWitkiewicz
20%
Dwa księżyceKuncewiczowa
15%
Msza za miasto ArrasSzczypiorski
15%
Mury HebronuStasiuk
10%
AusteriaStryjkowski
10%

Rozkład punktacji

Percentyl według liczby udzielonych odpowiedzi

Procent ludzi z każdym wynikiem

Twoja historia wyników

Nie rozwiązałeś tego quizu